书目信息 |
| 题名: |
通胀螺旋
|
|
| 作者: | 张嘉璈, 著 ;于杰 译 | |
| 分册: | ||
| 出版信息: | 北京 中信出版集团股份有限公司 2018.10 |
|
| 页数: | XXIII, 449页 | |
| 开本: | 22cm | |
| 丛书名: | ||
| 单 册: | ||
| 中图分类: | ||
| 科图分类: | ||
| 主题词: | 通货膨胀--货币史--中国--1933-1949 , 货币 | |
| 电子资源: | ||
| ISBN: | 978-7-5086-9356-9 | |
| 000 | 01364nam0 2200301 450 | |
| 001 | 2355335039 | |
| 005 | 20120618175242.52 | |
| 010 | @a978-7-5086-9356-9@b精装@dCNY68.00 | |
| 100 | @a20181023d2018 em y0chiy50 ea | |
| 101 | 0 | @achi |
| 102 | @aCN@b110000 | |
| 105 | @ay z 000yy | |
| 106 | @ar | |
| 200 | 1 | @a通胀螺旋@e中国货币经济全面崩溃的十年@e1939-1949@d= The inflationary spiral@ethe experience in China@e1939-1949@f张嘉璈著@g于杰译@zeng |
| 210 | @a北京@c中信出版集团股份有限公司@d2018.10 | |
| 215 | @aXXIII, 449页@d22cm | |
| 314 | @a张嘉璈, 民国著名银行家。于杰, 从业银行和投资领域多年。 | |
| 330 | @a本书是作者张嘉璈先生以其自身经历, 全貌地记录了中国自1937年抗日战争全面爆发到1949年间的通货膨胀发展过程。因历史和社会政治原因, 战前的中国国力羸弱, 维持抗战并非易事。作者以当事者的身份, 从中国的财政、金融、交通运输、工农业发展、外国援助及中日货币战等诸多方面, 详细记录了抗日战争及国共对抗时期战场之外的中国历史, 是一部抗战和社会动荡时期的货币史、财政史和普罗大众的社会生活史。 | |
| 510 | 1 | @aInflationary spiral@ethe experience in China@e1939-1949@zeng |
| 517 | 1 | @a中国货币经济全面崩溃的十年 |
| 606 | 0 | @a通货膨胀@x货币史@y中国@z1933-1949 |
| 606 | 0 | @a货币 |
| 690 | @a@v5 | |
| 690 | @aF822.9@v4 | |
| 701 | 0 | @a张嘉璈,@f1889-1979@4著 |
| 702 | 0 | @a于杰@4译 |
| 801 | 0 | @aCN@b安徽时代出版发行有限公司@c20181023 |
| 905 | @dF822.9@e105 | |
| 通胀螺旋:中国货币经济全面崩溃的十年:1939-1949= The inflationary spiral:the experience in China:1939-1949/张嘉璈著/于杰译.-北京:中信出版集团股份有限公司,2018.10 |
| XXIII, 449页;22cm |
| ISBN 978-7-5086-9356-9(精装):CNY68.00 |
| 本书是作者张嘉璈先生以其自身经历, 全貌地记录了中国自1937年抗日战争全面爆发到1949年间的通货膨胀发展过程。因历史和社会政治原因, 战前的中国国力羸弱, 维持抗战并非易事。作者以当事者的身份, 从中国的财政、金融、交通运输、工农业发展、外国援助及中日货币战等诸多方面, 详细记录了抗日战争及国共对抗时期战场之外的中国历史, 是一部抗战和社会动荡时期的货币史、财政史和普罗大众的社会生活史。 |
| ● |
| 相关链接 |
|
|
|
|
正题名:通胀螺旋
索取号:F822.9/105
 
预约/预借
| 序号 | 登录号 | 条形码 | 馆藏地/架位号 | 状态 | 备注 |
| 1 | 1412284 | 214122849 | 第一样本阅览室/ [索取号:F822.9/105] | 在馆 | |
| 2 | 1412285 | 214122858 | 第一借阅区/ [索取号:F822.9/105] | 在馆 | |
| 3 | 1412286 | 214122867 | 第一借阅区/ [索取号:F822.9/105] | 在馆 | |
| 4 | 1412287 | 214122876 | 第一借阅区/ [索取号:F822.9/105] | 在馆 | |
| 5 | 1412288 | 214122885 | 第一借阅区/ [索取号:F822.9/105] | 在馆 |